000 00729nam a2200241 a 4500
001 BRCA_4245
005 20190320204611.0
008 140610s1919----gw-ac#####---#000-0#ger-#
041 _ager
044 _agw
050 4 _aM312
_b.S46 1919
100 1 _aSemerau, Alfred
_910942
245 1 0 _aPrinz Louis Ferdinand
_bEin Buch von Liebe and Vaterland
_cAlfred Semerau.
260 _aBerlín, Alemania
_bVerlag von Rich
_c1919
300 _a388 p.
_bil., retratos
_c22 cm.
440 0 _aRomane berühmter manner und Frauen
_910943
500 _aAM57
504 _aBibliografía: p. 386-388
600 1 4 _aPrinz Louis Ferdinand
_d1772-1806
_910944
650 1 4 _aNovela histórica alemana
_910945
902 _aGFM
942 _2lcc
_cB
999 _c3956
_d3956